000 00589cam a22002053a 4500
001 40533
003 PGUSA
005 20140828083915.0
008 120819s2012||||xxu|||||s|||||000 | eng d
040 _aPGUSA
_beng
042 _adc
100 1 _aBeveridge, Albert J.
245 1 4 _aThe Life of John Marshall Volume 4 of 4
_h[electronic resource] /
_cAlbert J. Beveridge
260 _bProject Gutenberg,
_c2012
506 _aPublic domain in the USA.
516 _aElectronic text
830 0 _aProject Gutenberg
_v40533
856 4 0 _uhttp://www.gutenberg.org/ebooks/40533
942 _cEB
999 _c269786
_d269786